Представление документа в формате RUSMARC

ПолеНазваниеЗначение
  Тип записи i
  Библиографический уровень m
001 Контрольный номер RU/IS/BASE/413052989
005 Дата корректировки 20250218102832.8
010 Индекс ISBN __
d Цена 146-81
101 Язык документа 0_
a Язык текста rus
200 Заглавие и сведения об ответственности 1_
a Заглавие Она и он
e Сведения, относящиеся к заглавию рассказы Аркадия Аверченко, Надежды Тэффи, Антона Чехова : [аудиокнига]
f Первые сведения об ответственности в исполн. Натальи Пешковой, Дмитрия Казнина
b Общее обозначение материала Звукозапись
210 Выходные данные 1_
a Место издания М.
c Издательство АРДИС
d Дата издания 2012
215 Физическое описание __
a Объем 1 электрон. опт. диск (Audio CD) (2 ч. 50 мин.)
225 Серия 2_
a Серия Антология юмора и сатиры
300 Общие примечания __
a Общие примечания MP3 ; 320 Kbps ; 16 bit ; 44.1 кГц ; stereo ; AudioCD
a Общие примечания Лучшие ведущие разговор. эфира
a Общие примечания Нац. премия "Радиомания - 2011"
323 Примечание о главных создателях, исполнителях, участниках __
a Примечание о главных создателях, исполнителях, участниках Пешкова, Н. (читает)
323 Примечание о главных создателях, исполнителях, участниках __
a Примечание о главных создателях, исполнителях, участниках Казнин, Д. (читает)
327 Примечание о содержании 0_
a Примечание о содержании День делового человека / А. Аверченко
327 Примечание о содержании 0_
a Примечание о содержании Галочка / А. Аверченко
327 Примечание о содержании 0_
a Примечание о содержании Маня мечтает / А. Аверченко
327 Примечание о содержании 0_
a Примечание о содержании Экзамен / Тэффи
327 Примечание о содержании 0_
a Примечание о содержании Жизнь и воротник / Тэффи
327 Примечание о содержании 0_
a Примечание о содержании Шампанское / А. Чехов
327 Примечание о содержании 0_
a Примечание о содержании Точки зрения / Тэффи
327 Примечание о содержании 0_
a Примечание о содержании Жених / Тэффи
327 Примечание о содержании 0_
a Примечание о содержании Два дневника / Тэффи
327 Примечание о содержании 0_
a Примечание о содержании Кошмар / Тэффи
327 Примечание о содержании 0_
a Примечание о содержании Выбор креста / Тэффи
327 Примечание о содержании 0_
a Примечание о содержании Свидание хотя и состоялось, но... / А. Чехов
327 Примечание о содержании 0_
a Примечание о содержании Хороший конец / А. Чехов
327 Примечание о содержании 0_
a Примечание о содержании Месть женщины / А. Чехов
327 Примечание о содержании 0_
a Примечание о содержании Бритва в киселе / А. Аверченко
327 Примечание о содержании 0_
a Примечание о содержании Дружба / А. Аверченко
330 Аннотация __
a Аннотация Юмористические рассказы Антона Чехова, Аркадия Аверченко и Надежды Тэффи в исполнении ведущих прямого эфира радиостанции СИТИ-ФМ Натальи Пешковой и Дмитрия Казнина - своеобразная энциклопедия женских и мужских характеров, остроумные зарисовки о взаимоотношениях между полами.
333 Примечание о целевом назначении __
a Примечание о целевом назначении 16+. Для детей старше 16 лет
606 Тематические рубрики __
a Основная рубрика Художественная литература
606 Тематические рубрики __
a Основная рубрика Русская литература XIX в. (произведения)
606 Тематические рубрики __
a Основная рубрика Русская литература XX в. (произведения)
610 Ключевые слова 0_
a Ключевые слова рассказы; юмористические рассказы; сатирические рассказы; сатира; тема мужчины; тема женщины; тема жизни; тема взаимоотношений
686 Индексы других классификаций __
a Классификационный индекс 84(2=411.2)53-4я04
702 Вторичная интеллектуальная ответственность _1
a Фамилия Аверченко
b Имя А. Т.
4 Код отношения Автор
4 Код отношения 070
702 Вторичная интеллектуальная ответственность _1
a Фамилия Чехов
b Имя А. П.
4 Код отношения Автор
4 Код отношения 070
702 Вторичная интеллектуальная ответственность _1
a Фамилия Тэффи
b Имя Н. А.
4 Код отношения Автор
4 Код отношения 070
801 Источник записи _0
a Страна RU
b Организация Муниципальное бюджетное учреждение культуры "Централизованная библиотечная система" г. Сургут (Центральная городская библиотека им. А. С. Пушкина)
g Правила каталогизации КиК/Лукашук
801 Источник записи _1
a Страна RU
b Организация Муниципальное бюджетное учреждение культуры "Централизованная библиотечная система" г. Сургут (Центральная городская библиотека им. А. С. Пушкина)
g Правила каталогизации КиК/Лукашук
852 Данные о местонахождении __
j Шифр хранения 84(2=411.2)53-4я04
i Авторский знак О-58
901 Тип документа __
t Тип документа 0
903 Характеристики (МАРС) __
a Дата передачи 20130201
969 Тип издания __
a Тип издания аудиокнига; издание для слепых
990 Данные о заказе (DOS) __
j Количество экземпляров (DOS) 6
h N записи в КСУ для Б/У (DOS) 201302